| 000 -LEADER |
| fixed length control field |
00812nam a22002177a 4500 |
| 003 - CONTROL NUMBER IDENTIFIER |
| control field |
OSt |
| 005 - DATE AND TIME OF LATEST TRANSACTION |
| control field |
20260128093811.0 |
| 008 - FIXED-LENGTH DATA ELEMENTS--GENERAL INFORMATION |
| fixed length control field |
230606b ||||| |||| 00| 0 eng d |
| 040 ## - CATALOGING SOURCE |
| Transcribing agency |
SSBUL |
| 041 ## - LANGUAGE CODE |
| Language code of text/sound track or separate title |
Shan |
| 082 ## - DEWEY DECIMAL CLASSIFICATION NUMBER |
| Edition number |
23 |
| Classification number |
294.3443 |
| 100 0# - MAIN ENTRY--PERSONAL NAME |
| Personal name |
သုဝရ(မၢဝ်းၶမ်း)၊ |
| Titles and words associated with a name |
ၸဝ်ႈသြႃႇ။ |
| 245 10 - TITLE STATEMENT |
| Title |
ပပ်ႉထမ်းၵႅဝ်ႈ(မၢႆ-5) / |
| Statement of responsibility, etc. |
ၸဝ်ႈသြႃႇသုဝရ(မၢဝ်းၶမ်း)။ |
| 260 ## - PUBLICATION, DISTRIBUTION, ETC. |
| Place of publication, distribution, etc. |
တူၼ်ႈတီး၊ |
| Name of publisher, distributor, etc. |
ဢွင်ႇပၢၼ်းၽိဝ်ႇ၊ |
| Date of publication, distribution, etc. |
2015 ။ |
| 300 ## - PHYSICAL DESCRIPTION |
| Extent |
(ၺ)၊ 328 ၼႃႈ၊ |
| Dimensions |
21 ၸိၼ်ႇတီႇ။ |
| 500 ## - GENERAL NOTE |
| General note |
S-SAT: Dr. Prof Sai Aung Tun |
| 650 ## - SUBJECT ADDED ENTRY--TOPICAL TERM |
| Topical term or geographic name entry element |
တြႃးၽြႃးပဵၼ်ၸဝ်ႈ |
| 942 ## - ADDED ENTRY ELEMENTS (KOHA) |
| Koha item type |
Books (Long term) |
| 100 0# - MAIN ENTRY--PERSONAL NAME |
| 9 (RLIN) |
24352 |
|
| Source of classification or shelving scheme |
|
|
| Source of classification or shelving scheme |
|